Gay and bisexual male domestic violence victimization: challenges to feminist theory and responses to violence

Saved in:  
Bibliographic Details
Main Author: Letellier, P. (Author)
Format: Print Article
Language:English
Published: 1994
In: Violence and victims
Year: 1994, Volume: 9, Issue: 2, Pages: 95-106
Check availability: HBZ Gateway
Keywords:

MARC

LEADER 00000caa a22000002c 4500
001 1639414452
003 DE-627
005 20220608124954.0
007 tu
008 160223s1994 xx ||||| 00| ||eng c
035 |a (DE-627)1639414452 
035 |a (DE-576)455859035 
035 |a (DE-599)BSZ455859035 
040 |a DE-627  |b ger  |c DE-627  |e rakwb 
041 |a eng 
100 1 |a Letellier, P.  |4 aut 
245 1 0 |a Gay and bisexual male domestic violence victimization: challenges to feminist theory and responses to violence  |c P. Letellier 
264 1 |c 1994 
336 |a Text  |b txt  |2 rdacontent 
337 |a ohne Hilfsmittel zu benutzen  |b n  |2 rdamedia 
338 |a Band  |b nc  |2 rdacarrier 
773 0 8 |i In  |t Violence and victims  |d New York, NY : Springer Publishing Company, 1986  |g 9(1994), 2, Seite 95-106  |w (DE-627)168134187  |w (DE-600)639280-5  |w (DE-576)022914234  |x 0886-6708  |7 nnas 
773 1 8 |g volume:9  |g year:1994  |g number:2  |g pages:95-106 
935 |a mkri 
951 |a AR 
ELC |b 1 
LOK |0 000 xxxxxcx a22 zn 4500 
LOK |0 001 3299989901 
LOK |0 003 DE-627 
LOK |0 004 1639414452 
LOK |0 005 20160223095402 
LOK |0 008 160208||||||||||||||||ger||||||| 
LOK |0 040   |a DE-21-110  |c DE-627  |d DE-21-110 
LOK |0 689   |a s  |a Gewalt 
LOK |0 689   |a s  |a Homosexuelle Partnerbeziehungen 
LOK |0 689   |a s  |a Gewalt in der Familie 
LOK |0 852   |z Kein Bestand am IfK; Nachweis für KrimDok 
LOK |0 852   |a DE-21-110 
LOK |0 852 1  |m v  |9 00 
LOK |0 935   |a k110 
LOK |0 938   |k v 
LOK |0 939   |a 08-02-16  |b l01 
ORI |a SA-MARC-krimdoka001.raw